000
00318nam a2200121Ia 4500
008
171211s9999 xx 000 0 und d
020
_a
9781455758302
100
_a
Chabner, Davi-Ellen
245
_a
Medical Terminology A short Course
250
_a
7th Edition
260
_b
Elsevier, Inc.
_c
2015
300
_a
415 pages
999
_c
350820
_d
350820